Online
Catalog

República Dominicana : (Record no. 49409)

MARC details
000 -CABECERA
campo de control de longitud fija 01179nam a22002657a 4500
003 - IDENTIFICADOR DEL NÚMERO DE CONTROL
campo de control OSt
005 - FECHA Y HORA DE LA ÚLTIMA TRANSACCIÓN
campo de control 20220531084009.0
007 - CAMPO FIJO DE DESCRIPCIÓN FÍSICA--INFORMACIÓN GENERAL
campo de control de longitud fija ta
008 - DATOS DE LONGITUD FIJA--INFORMACIÓN GENERAL
campo de control de longitud fija 210218e2020 dr o|||fr|||| 001 0dspa d
020 ## - NÚMERO INTERNACIONAL ESTÁNDAR DEL LIBRO
Número Internacional Estándar del Libro 9789945805499
040 ## - FUENTE DE LA CATALOGACIÓN
Centro catalogador/agencia de origen DO-SdBNP
Lengua de catalogación spa
Centro/agencia transcriptor BNPHU
041 ## - CÓDIGO DE LENGUA
Código de lengua original spa
082 #4 - NÚMERO DE LA CLASIFICACIÓN DECIMAL DEWEY
Número de clasificación 769.566
Número de documento/Ítem S433r
Número de edición 22
100 1# - ENTRADA PRINCIPAL--NOMBRE DE PERSONA
Nombre de persona Solano, Sócrates S.
9 (RLIN) 77848
245 10 - MENCIÓN DE TÍTULO
Título República Dominicana :
Resto del título un viaje a través de postales antiguas 1900-1930 /
Mención de responsabilidad, etc. Sócrates S. Solano.
260 ## - PUBLICACIÓN, DISTRIBUCIÓN, ETC.
Lugar de publicación, distribución, etc. Santo Domingo :
Nombre del editor, distribuidor, etc. Amigos del Hogar,
Fecha de publicación, distribución, etc. 2020.
300 ## - DESCRIPCIÓN FÍSICA
Extensión 317 p. :
Otras características físicas il, retrs. ;
Dimensiones 24 cm.
500 ## - NOTA GENERAL
Nota general La biblioteca posee 1 ejemplar autografiado por el autor (e.2)
504 ## - NOTA DE BIBLIOGRAFÍA, ETC.
Nota de bibliografía, etc. Bibliografía: p. 317-318
505 0# - NOTA DE CONTENIDO CON FORMATO
Nota de contenido con formato Presentación.
Título Introducción --
-- Tarjetas postales (1900-1930). --
-- Santo Domingo -- <br/>San Pedro de Macorís -- <br/>Samaná --<br/>San Francisco de Macorís --<br/>La Vega --<br/>Santiago --<br/>Puerto Plata --<br/>Montecristi --<br/>Intervención militar norteamericana (1916-1924) --<br/>Ciclón San Zenón --<br/>Bibliografía.<br/>
590 ## - NOTA LOCAL (RLIN)
Nota local Inventariado, 2021/MFF
650 #4 - PUNTO DE ACCESO ADICIONAL DE MATERIA--TÉRMINO DE MATERIA
Término de materia o nombre geográfico como elemento de entrada Tarjetas postales
Subdivisión geográfica República Dominicana
Subdivisión cronológica 1900-1930
9 (RLIN) 79233
910 ## - DATOS DE OPCIÓN DEL USUARIO (OCLC)
Datos de opción del usuario Validado. Control de calidad MFF
942 ## - ELEMENTOS DE PUNTO DE ACCESO ADICIONAL (KOHA)
Fuente del sistema de clasificación o colocación Dewey Decimal Classification
Tipo de ítem Koha Libro
Holdings
Estado de retiro Estado de pérdida Fuente del sistema de clasificación o colocación Restricciones de uso No para préstamo Código de colección Localización permanente Ubicación/localización actual Ubicación en estantería Fecha de adquisición Fuente de adquisición Total de préstamos Signatura topográfica completa Código de barras Fecha visto por última vez Precio válido a partir de Tipo de ítem Koha Número de copia
    Dewey Decimal Classification Préstamo en sala   Dominicana de Servicio Biblioteca Nacional Pedro Henríquez Ureña Dominicana Depósito 04.02.2020 Depósito legal   BNPHU DS 769.566 S433r 2021-0293 18.02.2021 18.02.2021 Libro y Folleto Colección Dominicana de Servicio e.3
    Dewey Decimal Classification Excluido de préstamo Excluido de préstamo Patrimonio Dominicano Biblioteca Nacional Pedro Henríquez Ureña Patrimonio Dominicano Depósito 04.02.2020 Depósito legal   BNPHU PD 769.566 S433r 2021-0291 18.02.2021 18.02.2021 Libro y Folleto Colección Patrimonio Dominicano  
    Dewey Decimal Classification Excluido de préstamo Préstamo restrigido Patrimonio Dominicano Biblioteca Nacional Pedro Henríquez Ureña Patrimonio Dominicano Depósito 04.04.2020 Depósito legal   BNPHU PD 769.566 S433r 2021-0292 18.02.2021 18.02.2021 Libro y Folleto Colección Patrimonio Dominicano e.2

Powered by Koha